| 000 | 00382nam a2200157Ia 4500 | ||
|---|---|---|---|
| 008 | 230917s9999||||xx |||||||||||||| ||und|| | ||
| 040 |
_e95810 _aMAIN |
||
| 041 | _aEnglish | ||
| 082 | _a338.5 K849M | ||
| 100 | _aKoutsoyiannis, A | ||
| 245 | 0 | _aModern microeconomics | |
| 250 | _a2nd ed. | ||
| 260 |
_aNew Delhi _bMacmillan India _c1979 |
||
| 300 | _axvii, 581 p. | ||
| 942 | _cBK | ||
| 999 |
_c112730 _d112730 |
||